000
00263nam a2200097Ia 4500
001
652638
005
20250826154442.0
008
250824s9999 xx 000 0 und d
245
0
_a
BEYAZ USTA SİYAH ÇIRAK
_c
BAHADIR YENİŞEHİRLİOĞLU
260
_b
TİMAŞ YAYINLARI
999
_c
652638
_d
652638